Návrh aplikácie štatistického preberania na vstupnej kontrole v spoločnosti Protherm Production s.r.o. = The draft application for the statistical transposition entry check in Protherm Produkcion L.t.d. : Diplomová práca

Enregistré dans:
Détails bibliographiques
Auteur principal: Rybecká, Dagmar (Auteur)
Autres auteurs: Šurinová, Yulia (xxx)
Format: Manuscrit Livre
Langue:slovaque
Publié: Trnava : STU v Bratislave MTF UPMK KIK, 2009
Sujets:
Tags: Ajouter un tag
Pas de tags, Soyez le premier à ajouter un tag!

MARC

LEADER 00000ntm a22000003a 4500
001 stu188439
005 20160719154423.2
008 090812s2009----xo------------------slo-d
040 |a STU  |b slo 
041 0 |a slo 
044 |a xo 
100 1 |a Rybecká, Dagmar  |4 aut 
245 1 |a Návrh aplikácie štatistického preberania na vstupnej kontrole v spoločnosti Protherm Production s.r.o. = The draft application for the statistical transposition entry check in Protherm Produkcion L.t.d. :  |b Diplomová práca 
260 |a Trnava :  |b STU v Bratislave MTF UPMK KIK,  |c 2009 
300 |a 69 s  |c 1 CD-ROM 
500 |a Študijný odbor: 5.2.57 kvalita produkcie 
500 |a Študijný program: inžinierstvo kvality produkcie 
650 7 |a vstupná kontrola  |2 stusub 
700 1 |a Šurinová, Yulia  |4 xxx  |u M4000  |U MTF Materiálovotechnologická fakulta  |T MTF Ústav priemyselného inžinierstva a manažmentu  |U M4000  |Y 84 
996 |b 284M070568  |c M*DP-8166  |l MMSKP  |s P  |a 0  |w stu188439_0001